000 00692nam a22001937a 4500
005 20251108173545.0
008 250721s2006 xx 000 0 ara d
020 _a9957454188
082 1 4 _a158.4/طعم
100 1 _aطعمة، أمل أحمد
245 1 0 _aاتخاذ القرار و السلوك القيادي برنامج تدريبي : حقيبة تدريبية متكاملة للمدرب و المتدربين /
264 1 _aعمان :
_bديبونو للطباعة و النشرو التوزيع،
_c2006.
300 _a182 ص.
650 1 7 _aالقيادة
650 1 7 _aإتخاذ القرارات
650 1 7 _aعلم النفس
942 _2ddc
_cBK
999 _c106748
_d106748